000
00309nam a2200109Ia 4500
008
220204s9999 xx 000 0 und d
082
_a
681.31(036)ORA
_b
FIN
100
_a
Finkelstein, Rich
245
0
_a
Oracle power objects developer's guide. 1997.
260
_a
New Delhi
_b
Tata McGraw Hill
_c
1997
942
_c
BK
999
_c
41470
_d
41470